Tractatus logico-philosophicus / (Record no. 173346)

MARC details
000 -LEADER
campo de control de longitud fija 00932nam a2200241 i 4500
001 - NÚMERO DE CONTROL
campo de control 173346
003 - IDENTIFICADOR DE NÚMERO DE CONTROL
campo de control ES-MaACL
005 - FECHA Y HORA DE LA ÚLTIMA TRANSACCIÓN
campo de control 20240823133049.0
008 - DATOS DE LONGITUD FIJA--INFORMACIÓN GENERAL
campo de control de longitud fija 091126s1958 xxk |||| | eng d
080 ## - NÚMERO DE LA CLASIFICACIÓN DECIMAL UNIVERSAL
Número de la Clasificación Decimal Universal 1
100 1# - ENTRADA PRINCIPAL--NOMBRE DE PERSONA
Nombre de persona Wittgenstein, Ludwig.
9 (RLIN) 117183
245 10 - MENCIÓN DEL TÍTULO
Título Tractatus logico-philosophicus /
Mención de responsabilidad, etc. by Ludwig Wittgenstein ; with an introduction by Bertrand Russell.
250 ## - MENCION DE EDICION
Mención de edición 7th imp.
260 ## - PUBLICACIÓN, DISTRIBUCIÓN, ETC.
Lugar de publicación, distribución, etc. London :
Nombre del editor, distribuidor, etc. Routledge & Kegan Paul,
Fecha de publicación, distribución, etc. 1958.
300 ## - DESCRIPCIÓN FÍSICA
Extensión 207 p. :
Otras características físicas gráf. ;
Dimensiones 22 cm.
490 1# - MENCIÓN DE SERIE
Mención de serie International library of psychology philosophy and scientific method
500 ## - NOTA GENERAL
Nota general Índice.
595 ## -
-- 1st published in this Series: 1922.
700 1# - ENTRADA AGREGADA--NOMBRE PERSONAL
Nombre de persona Russell, Bertrand,
Fechas asociadas al nombre 1872-1970
9 (RLIN) 101033
830 0# - PUNTO DE ACCESO ADICIONAL DE SERIE-TÍTULO UNIFORME
Título uniforme International library of psychology philosophy and scientific method
9 (RLIN) 223512
852 ## - LOCALIZACIÓN
Ubicación ES-MaACL
Número de control de estantería E-13214 . -
Nota libre . - Biblioteca Jacinto Martínez Lacalle
Holdings
Estatus retirado Estado de pérdida Estado de daño No para préstamo Biblioteca de origen Biblioteca actual Ubicación en estantería Fecha de adquisición Fuente de adquisición Total de préstamos Signatura topográfica completa Código de barras Visto por última vez Precio de reemplazo Tipo de ítem Koha
        Biblioteca del Ateneo de Madrid Biblioteca del Ateneo de Madrid Depósito 2 26/11/2009     E-13214 1181923 23/02/2023 23/02/2023 Libro impreso